| 000 | 00837nam a2200241 i 4500 | ||
|---|---|---|---|
| 001 | bg | ||
| 100 | 1 | _aMAZANEK, Eugeniusz | |
| 245 | 1 | 0 |
_aPodstawy konstrukcji maszyn : _bćwiczenia laboratoryjne : skrypt / _cEugeniusz Mazanek, Andrzej Kasprzycki, Ludwik Kania ; Politechnika Częstochowska. |
| 250 | _aWyd. 2 popr. i rozsz. | ||
| 260 |
_aCzęstochowa : _bWydaw. PC, _c1995. |
||
| 300 |
_a226, [3] s. : _brys., wykr. ; _c24 cm. |
||
| 500 | _aWyd. 1 pod hasłem : Mazanek Eugeniusz, Kasprzycki Andrzej. | ||
| 504 | _aBibliogr. przy rozdz. i ćw. | ||
| 650 | 9 |
_aMaszyny _xbudowa i konstrukcje _xbadanie |
|
| 655 | _aĆwiczenia i zadania | ||
| 700 | 1 | _aKASPRZYCKI, Andrzej | |
| 700 | 1 | _aKANIA, Ludwik | |
| 040 | _cBPK | ||
| 041 | 0 | _apol | |
| 080 | _a621.01(075.8)(076) | ||
| 942 | _cKS | ||
| 008 | s pl f |000 0 pol | ||
| 999 |
_c7009 _d7009 |
||
| 856 |
_uhttp://koha.tu.koszalin.pl/cgi-bin/koha/opac-detail.pl?biblionumber=7009 _yKatalog online BPK |
||